Digimon Protagonists - Statistics

General Stats
  • This quiz has been taken 388 times
  • The average score is 19 of 38
Answer Stats
Hint Answer % Correct
Season 1 Agumon Taichi Yagami/Tai Kamiya
99%
Season 1 Gabumon Yamato "Matt" Ishida
97%
Season 1 Biyomon Sora Takenouchi
96%
Season 1 Patamon Takeru "T.K." Takaishi
96%
Season 1 Palmon Mimi Tachikawa
95%
Season 1 Gatomon/Tailmon Hikari Yagami/Kari Kamiya
93%
Season 1 Gomamon Jou "Joe" Kido
93%
Season 1 Tentomon Koushiro "Izzy" Izumi
93%
Season 2 Wormmon Ken Ichijouji
87%
Season 2 Veemon Daisuke "Davis" Motomiya
86%
Season 2 Armadillomon Iori "Cody" Hida
71%
Season 2 Hawkmon Miyako "Yolei" Inoue
66%
Season 3 Guilmon Takato Matsuda/Matsuki
65%
Season 3 Terriormon Jenrya Li/Henry Wong
64%
Season 3 Renamon Ruki Makino/Rika Nonaka
64%
Season 4 Wind Izumi "Zoe" Orimoto
46%
Season 4 Thunder Junpei "J.P." Shibayama
46%
Season 4 Fire Takuya Kanbara
45%
Season 4 Ice Tomoki "Tommy" Himi
44%
Season 3 Leomon Juri "Jeri" Katou
43%
Season 4 Light Koji Minamoto
41%
Season 5 Agumon Masaru Daimon/Marcus Damon
41%
Season 4 Darkness Koichi Kimura
36%
Season 3 Cyberdramon Ryou Akiyama
35%
Season 3 MarineAngemon Kenta Kitagawa
32%
Season 5 Gaomon Tohma "Thomas" Norstein
30%
Season 3 Lopmon Shuichon Li/Suzie Wong
29%
Season 3 Guardramon Hirokazu "Kazu" Shioda
27%
Season 6 Shoutmon Taiki "Mikey" Kudo
27%
Season 5 Lalamon Yoshino "Yoshi" Fujieda
25%
Season 3 Impmon Ai and Mako
22%
Season 5 Falcomon Ikuto Noguchi/Keenan Crier
19%
Season 6 Greymon Kiriha "Christopher" Aonuma
18%
Season 6 Sparrowmon Nene Amano
18%
Season 6 Damemon Yuu "Ewan" Amano
17%
Season 6 Cutemon Akari "Angie" Hinomoto
15%
Season 6 Ballistamon Zenjirou "Jeremy" Tsurugi
14%
Season 7 Gumdramon Tagiru Akashi
12%
No matching quizzes found
Score Distribution
Percent of People with Each Score
Percentile by Number Answered
Your Score History
You have not taken this quiz